Dotácie pri paušálnych výdavkoch fyzickej osoby v roku 2018

Začínajúci podnikateľ, ale aj podnikateľ, ktorý už podnikateľskú činnosť vykonáva dlhší čas, potrebuje k výkonu podnikateľskej činnosti a k ďalšiemu rozvoju svojho podnikania dostatok finančných prostriedkov. Jednou z možností získania financií na podnikanie je aj využitie cudzích zdrojov. Ilustračn...

Ausführliche Beschreibung

Gespeichert in:
Bibliographische Detailangaben
1. Verfasser: Strählová, Jarmila
Format: Buchkapitel
Sprache:Slowakisch
Schlagworte:
Tags: Tag hinzufügen
Keine Tags, Fügen Sie das erste Tag hinzu!

MARC

LEADER 00000naa a2200000 4500
001 0249610
005 20221104110814.1
041 0 |a slo 
044 |a SK 
245 1 0 |a Dotácie pri paušálnych výdavkoch fyzickej osoby v roku 2018  |c Jarmila Strählová 
520 |a Začínajúci podnikateľ, ale aj podnikateľ, ktorý už podnikateľskú činnosť vykonáva dlhší čas, potrebuje k výkonu podnikateľskej činnosti a k ďalšiemu rozvoju svojho podnikania dostatok finančných prostriedkov. Jednou z možností získania financií na podnikanie je aj využitie cudzích zdrojov. Ilustračné príklady. 
610 2 0 |a osoby fyzické 
610 2 0 |a výdavky daňové 
610 2 0 |a dotácie 
610 2 0 |a podnikatelia 
100 1 |a Strählová, Jarmila